[Event "Cetinje Dragasevic Memorial"]
[Site "Cetinje"]
[Date "2024.06.26"]
[Round "6"]
[White "Slugin, Alexander"]
[Black "Vujosevic, Vladimir"]
[Result "0-1"]
[WhiteElo "2157"]
[BlackElo "2306"]
[PlyCount "116"]
[EventDate "2024.06.22"]
[EventType "swiss"]
[EventRounds "9"]
[EventCountry "MNE"]
[SourceTitle "CBM 220 Extra"]
[Source "ChessBase"]
[SourceDate "2024.07.31"]
[SourceVersion "1"]
[SourceVersionDate "2024.07.31"]
[SourceQuality "1"]

1. d4 Nf6 2. Nf3 d5 3. c4 e6 4. g3 dxc4 5. Bg2 a6 6. Ne5 c5 7. Be3 Nd5 8. Nc3 Nxe3 9. fxe3 Be7 10. 0-0 0-0 11. Nxc4 Nd7 12. Qd3 Rb8 13. a4 Qc7 14. d5 Bf6 15. d6 Qd8 16. Ne4 b6 17. Rf4 Bb7 18. Raf1 Be5 19. Rh4 f5 20. Nc3 Bxg2 21. Kxg2 Bf6 22. Rhf4 b5 23. axb5 axb5 24. Nd2 Ne5 25. Qc2 Qxd6 26. e4 Bg5 27. exf5 Bxf4 28. Rxf4 exf5 29. Rxf5 Ng4 30. Nf1 Qc6+ 31. Kg1 Qe6 32. Rf3 b4 33. Ne4 Qd5 34. h3 Ne5 35. Rf4 Rxf4 36. gxf4 Nd7 37. b3 Rb6 38. Kf2 Nf6 39. Nfd2 Re6 40. Ng5 Qd4+ 41. Kf1 Qxf4+ 42. Ndf3 Re5 43. h4 h6 44. Nh3 Qe4 45. Qa2 Re8 46. Nf2 Qe3 47. Qc2 Nh5 48. Nd3 Ng3+ 49. Kg2 Nxe2 50. Qc4+ Kh8 51. Qf7 Nd4 52. Nxd4 cxd4 53. Nf4 Qd2+ 54. Kg3 Re3+ 55. Kg4 Qd1+ 56. Kf5 Qc2+ 57. Kg4 Qc8+ 58. Kh5 Re5+ 0-1

[Event "Berdsk Maestro op 16th"]
[Site "Berdsk"]
[Date "2010.07.15"]
[Round "8"]
[White "Slugin, Alexander"]
[Black "Kuprin, Vladimir"]
[Result "0-1"]
[WhiteElo "2100"]
[BlackElo "2167"]
[PlyCount "96"]
[EventDate "2010.07.08"]
[EventType "swiss"]
[EventRounds "9"]
[EventCountry "RUS"]
[SourceTitle "EXT 2011"]
[Source "ChessBase"]
[SourceDate "2010.11.26"]
[SourceVersion "1"]
[SourceVersionDate "2010.11.26"]
[SourceQuality "1"]

1. d4 d5 2. Nf3 Nf6 3. g3 c6 4. Bg2 g6 5. c4 Bg7 6. 0-0 0-0 7. Nc3 dxc4 8. Ne5 Ng4 9. Nf3 e5 10. e3 Nd7 11. h3 exd4 12. exd4 Ngf6 13. a4 a5 14. Bg5 h6 15. Bd2 Nb6 16. Qc1 Kh7 17. g4 Nfd5 18. Ne2 Re8 19. Ng3 Be6 20. Ra3 Nb4 21. Re3 Nxa4 22. Qb1 Bd5 23. g5 Rxe3 24. fxe3 Qd6 25. Nh5 Nd3 26. b3 gxh5 27. gxh6 Bxh6 28. bxc4 Bxc4 29. Ne5 Rg8 30. Rf2 Kh8 31. Rxf7 Nab2 32. Rf5 Nxe5 33. Rxe5 Qg6 34. Qxg6 Rxg6 35. Rxh5 Kg7 36. Kh2 a4 37. d5 a3 38. Bb4 a2 39. Bc3+ Kg8 40. Bxb2 Bg7 41. dxc6 bxc6 42. Bxg7 Kxg7 43. Ra5 Rd6 44. Bf3 Rd2+ 45. Kg3 Rc2 46. Bxc6 Rc1 47. Bb5 Bf7 48. Be8 a1Q 0-1

[Event "Berdsk Maestro op 16th"]
[Site "Berdsk"]
[Date "2010.07.10"]
[Round "3"]
[White "Ubiennykh, Ekaterina"]
[Black "Slugin, Alexander"]
[Result "1/2-1/2"]
[WhiteElo "2272"]
[BlackElo "2100"]
[PlyCount "95"]
[EventDate "2010.07.08"]
[EventType "swiss"]
[EventRounds "9"]
[EventCountry "RUS"]
[SourceTitle "EXT 2011"]
[Source "ChessBase"]
[SourceDate "2010.11.26"]
[SourceVersion "1"]
[SourceVersionDate "2010.11.26"]
[SourceQuality "1"]

1. d4 d5 2. c4 c6 3. Nf3 Nf6 4. Nc3 dxc4 5. a4 Bf5 6. Ne5 e6 7. e3 Nbd7 8. Nxc4 Bb4 9. Be2 0-0 10. 0-0 a5 11. Bf3 Bg6 12. Qb3 Qc7 13. Bd2 e5 14. Rac1 Rfd8 15. Rfd1 Bf5 16. Qa2 exd4 17. exd4 Be6 18. b3 Nb6 19. Bg5 Be7 20. Bh4 Ra6 21. Ne3 Nfd5 22. Ncxd5 Bxd5 23. Bxd5 Nxd5 24. Nxd5 Rxd5 25. Re1 g5 26. b4 Qd7 27. b5 Ra8 28. bxc6 bxc6 29. Bg3 Rxd4 30. Be5 Rd5 31. Qe2 Bb4 32. Bc3 Rd8 33. Qe3 f6 34. Qf3 Bxc3 35. Qxc3 Re5 36. Rxe5 fxe5 37. h4 Qd4 38. Qxc6 Rf8 39. Qc4+ Qxc4 40. Rxc4 Rf4 41. Rxf4 gxf4 42. g3 fxg3 43. fxg3 Kf7 44. g4 Ke6 45. Kf2 Kd5 46. h5 Ke4 47. Kg3 Kd3 48. Kf2 1/2-1/2

[Event "Berdsk Maestro op 16th"]
[Site "Berdsk"]
[Date "2010.07.09"]
[Round "2"]
[White "Lavrov, Maxim"]
[Black "Slugin, Alexander"]
[Result "0-1"]
[WhiteElo "2374"]
[BlackElo "2100"]
[PlyCount "76"]
[EventDate "2010.07.08"]
[EventType "swiss"]
[EventRounds "9"]
[EventCountry "RUS"]
[SourceTitle "EXT 2011"]
[Source "ChessBase"]
[SourceDate "2010.11.26"]
[SourceVersion "1"]
[SourceVersionDate "2010.11.26"]
[SourceQuality "1"]

1. Nf3 Nf6 2. g3 d5 3. Bg2 c6 4. 0-0 Bf5 5. d3 h6 6. Nbd2 e6 7. Re1 Bc5 8. a3 0-0 9. b3 a5 10. h3 Qb6 11. e3 Nbd7 12. Bb2 Rfe8 13. Qe2 Bh7 14. e4 e5 15. Nh4 Rad8 16. Rad1 Nf8 17. Nf5 Ne6 18. Bxe5 Bxf5 19. Bxf6 Nd4 20. Bxd4 Bxd4 21. Qf3 Be6 22. e5 Bc8 23. Qf4 g5 24. Qf3 Bxe5 25. Nf1 Bc3 26. Rxe8+ Rxe8 27. Qh5 Bg7 28. Ne3 Qc5 29. h4 Rxe3 30. fxe3 Qxe3+ 31. Kh1 g4 32. d4 Qxg3 33. Rf1 Be6 34. Rg1 Qe3 35. Bf1 Qxd4 36. Bd3 Qe3 37. Rg2 Kf8 38. Bf5 Qh3+ 0-1

[Event "Berdsk Maestro op 16th"]
[Site "Berdsk"]
[Date "2010.07.08"]
[Round "1"]
[White "Slugin, Alexander"]
[Black "Vasilyev, Igor"]
[Result "1-0"]
[WhiteElo "2100"]
[BlackElo "1761"]
[PlyCount "59"]
[EventDate "2010.07.08"]
[EventType "swiss"]
[EventRounds "9"]
[EventCountry "RUS"]
[SourceTitle "EXT 2011"]
[Source "ChessBase"]
[SourceDate "2010.11.26"]
[SourceVersion "1"]
[SourceVersionDate "2010.11.26"]
[SourceQuality "1"]

1. d4 d5 2. Nf3 Nf6 3. g3 e6 4. Bg2 Be7 5. c4 0-0 6. 0-0 Nbd7 7. Nc3 dxc4 8. e4 c5 9. Bf4 a6 10. a4 Qb6 11. a5 Qxb2 12. Bd2 cxd4 13. Nxd4 Qb4 14. Nd5 Qd6 15. e5 Qxe5 16. Nxe7+ Kh8 17. Bf4 Qc5 18. Nxc8 Qxc8 19. Bd6 Rd8 20. Be7 Re8 21. Ba3 Rd8 22. Qe2 Qc7 23. Rfe1 Rac8 24. Be7 Re8 25. Bb4 Nc5 26. Qxc4 Red8 27. Rac1 Nfd7 28. Nb3 Ne5 29. Qxc5 Qxc5 30. Nxc5 1-0

[Event "Novosibirsk Region-ch final"]
[Site "Novosibirsk"]
[Date "2008.12.11"]
[Round "7"]
[White "Slugin, Alexander"]
[Black "Sharkov, Maxim"]
[Result "1-0"]
[WhiteElo "2104"]
[BlackElo "2098"]
[PlyCount "135"]
[EventDate "2008.12.05"]
[EventType "swiss"]
[EventRounds "9"]
[EventCountry "RUS"]
[SourceTitle "EXT 2010"]
[Source "ChessBase"]
[SourceDate "2010.11.25"]
[SourceVersion "1"]
[SourceVersionDate "2010.11.25"]
[SourceQuality "1"]

1. d4 Nf6 2. g3 g6 3. Bg2 d5 4. Nf3 Bg7 5. 0-0 0-0 6. Nbd2 c6 7. c4 Na6 8. a3 Nc7 9. b4 a5 10. Bb2 Bf5 11. Qb3 a4 12. Qa2 Bh6 13. h3 Be6 14. cxd5 cxd5 15. e3 g5 16. Ne5 Nfe8 17. Rac1 f6 18. Nd3 Kh8 19. Nc5 Bc8 20. Ba1 b6 21. Nd3 Ba6 22. Qb1 Qd7 23. Rfe1 Rc8 24. g4 Nb5 25. Rxc8 Qxc8 26. Rc1 Qe6 27. Qa2 Nbc7 28. Qc2 Bb5 29. Nb2 f5 30. Bf3 fxg4 31. Bxg4 Qg6 32. Qxg6 hxg6 33. Nb1 Ba6 34. Nxa4 Rf6 35. e4 dxe4 36. d5 Nxd5 37. Nd2 Bb5 38. Nc3 Nxc3 39. Bxc3 Nd6 40. Re1 Bg7 41. Bxf6 exf6 42. Nxe4 Nxe4 43. Rxe4 f5 44. Re6 fxg4 45. Rxb6 Bd7 46. hxg4 Kh7 47. b5 Bxg4 48. a4 Bd4 49. Rb7+ Kh6 50. a5 Bf3 51. Rd7 Bc5 52. b6 g4 53. Kf1 g3 54. fxg3 Bc6 55. Rc7 Bb5+ 56. Kg2 Bd6 57. Rc8 Ba6 58. Rd8 Be5 59. Kh2 Kg5 60. Ra8 Bb7 61. Re8 Bd6 62. Rd8 Be5 63. Rd7 Ba6 64. Ra7 Bb5 65. Re7 Bd6 66. b7 Kg4 67. Re4+ Kg5 68. Rb4 1-0

[Event "Novosibirsk Region-ch final"]
[Site "Novosibirsk"]
[Date "2008.12.05"]
[Round "1"]
[White "Slugin, Alexander"]
[Black "Dzhumagaliev, Yan"]
[Result "0-1"]
[WhiteElo "2104"]
[BlackElo "2303"]
[PlyCount "42"]
[EventDate "2008.12.05"]
[EventType "swiss"]
[EventRounds "9"]
[EventCountry "RUS"]
[SourceTitle "EXT 2010"]
[Source "ChessBase"]
[SourceDate "2010.11.25"]
[SourceVersion "1"]
[SourceVersionDate "2010.11.25"]
[SourceQuality "1"]

1. d4 Nf6 2. g3 e6 3. Bg2 c5 4. Nf3 Nc6 5. 0-0 d5 6. b3 Be7 7. Bb2 0-0 8. Nbd2 Qc7 9. e3 cxd4 10. exd4 b5 11. Ne5 b4 12. Re1 Bb7 13. Rc1 Rfc8 14. c4 bxc3 15. Rxc3 Qa5 16. g4 Nxe5 17. Rxc8+ Rxc8 18. dxe5 Nxg4 19. Nc4 dxc4 20. Bxb7 Rd8 21. Bd4 Rxd4 0-1

[Event "Izmailov Memorial op-D 12th"]
[Site "Tomsk"]
[Date "2008.07.08"]
[Round "5"]
[White "Volkov, Mikhail"]
[Black "Slugin, Alexander"]
[Result "0-1"]
[WhiteElo "1882"]
[BlackElo "2071"]
[PlyCount "130"]
[EventDate "2008.07.04"]
[EventType "swiss"]
[EventRounds "9"]
[EventCountry "RUS"]
[SourceTitle "EXT 2022"]
[Source "ChessBase"]
[SourceDate "2021.10.06"]
[SourceVersion "1"]
[SourceVersionDate "2021.10.06"]
[SourceQuality "1"]

1. d4 d5 2. Nf3 Nf6 3. g3 c6 4. Bg2 Bf5 5. b3 e6 6. 0-0 h6 7. Bb2 a5 8. Nbd2 a4 9. bxa4 Rxa4 10. Nb3 Na6 11. a3 Be7 12. Ne5 Qa8 13. h3 0-0 14. Re1 Rd8 15. Nd3 Nc7 16. Nbc5 Ra7 17. Qc1 b6 18. e4 Bh7 19. e5 bxc5 20. exf6 Bxf6 21. dxc5 Bxb2 22. Qxb2 Nb5 23. Ne5 Rc8 24. Re3 f6 25. c4 Nc7 26. Nd7 Rd8 27. Nb6 Qb8 28. cxd5 cxd5 29. Rb3 Na6 30. Nxd5 Qc8 31. Nxf6+ gxf6 32. Qxf6 Rf7 33. Qxh6 Qxc5 34. Re3 Nc7 35. Rae1 Rd2 36. Rf1 Rd3 37. Rxd3 Bxd3 38. Rc1 Qxf2+ 39. Kh2 Be4 40. Rg1 Bd5 41. Qg5+ Kf8 42. Kh1 Rf3 43. Kh2 Ke8 44. Rf1 Qxg2+ 45. Kxg2 Rf5+ 46. Kg1 Rxg5 47. g4 Re5 48. Rc1 Kd7 49. Rc3 Re2 50. Rg3 Ne8 51. h4 Ke7 52. g5 Ng7 53. Rc3 Nh5 54. Rc7+ Kd6 55. Rc3 Ke5 56. Kf1 Rh2 57. a4 Ra2 58. g6 Kd4 59. Rc7 Ke3 60. Rc3+ Kf4 61. Rc7 Kf3 62. Rc3+ Kg4 63. Rc7 Bb3 64. g7 Ng3+ 65. Kg1 Kh3 0-1

[Event "Izmailov Memorial op-D 12th"]
[Site "Tomsk"]
[Date "2008.07.07"]
[Round "4"]
[White "Slugin, Alexander"]
[Black "Sergeev, Alexey1"]
[Result "0-1"]
[WhiteElo "2071"]
[BlackElo "2192"]
[PlyCount "124"]
[EventDate "2008.07.04"]
[EventType "swiss"]
[EventRounds "9"]
[EventCountry "RUS"]
[SourceTitle "EXT 2022"]
[Source "ChessBase"]
[SourceDate "2021.10.06"]
[SourceVersion "1"]
[SourceVersionDate "2021.10.06"]
[SourceQuality "1"]

1. d4 c5 2. Nf3 cxd4 3. g3 Nc6 4. Nxd4 e5 5. Nb5 d5 6. Qxd5 Be6 7. Qxd8+ Rxd8 8. Nc7+ Kd7 9. Nxe6 Kxe6 10. c3 f5 11. Bh3 Nf6 12. Bg5 h6 13. Bc1 Bc5 14. Nd2 e4 15. Nf1 Nd5 16. g4 f4 17. Bg2 Ke5 18. Nd2 Nf6 19. h3 g5 20. b4 Bxf2+ 21. Kxf2 e3+ 22. Ke1 exd2+ 23. Bxd2 Ne4 24. Bxe4 Kxe4 25. Kd1 Ne5 26. Kc2 Nc4 27. Rad1 b5 28. Bc1 a6 29. h4 Rxd1 30. Kxd1 Rd8+ 31. Ke1 Rd6 32. hxg5 hxg5 33. Rh8 Ne5 34. Rg8 Rg6 35. Re8 Kd5 36. e4+ Kd6 37. Ra8 Kc7 38. Ke2 Nxg4 39. Bxf4+ gxf4 40. Kf3 Rf6 41. Kxg4 f3 42. e5 f2 43. exf6 f1Q 44. Rf8 Kd7 45. Kg5 Ke6 46. Re8+ Kf7 47. Re7+ Kg8 48. Re6 Qg2+ 49. Kf5 Qxa2 50. Rd6 Qc2+ 51. Kg5 Qg2+ 52. Kf5 Qf3+ 53. Ke6 Qg4+ 54. Ke5 Qc8 55. Rd3 Qc6 56. Rh3 Qc7+ 57. Ke4 Qd6 58. Rf3 Qc6+ 59. Kf4 Kf7 60. Kg3 Qd6+ 61. Kg2 Qd2+ 62. Kg3 Qe2 0-1

[Event "Izmailov Memorial op-D 12th"]
[Site "Tomsk"]
[Date "2008.07.06"]
[Round "3"]
[White "Gankin, Stanislav"]
[Black "Slugin, Alexander"]
[Result "1/2-1/2"]
[WhiteElo "2269"]
[BlackElo "2071"]
[PlyCount "124"]
[EventDate "2008.07.04"]
[EventType "swiss"]
[EventRounds "9"]
[EventCountry "RUS"]
[SourceTitle "EXT 2022"]
[Source "ChessBase"]
[SourceDate "2021.10.06"]
[SourceVersion "1"]
[SourceVersionDate "2021.10.06"]
[SourceQuality "1"]

1. e4 c5 2. c3 Nf6 3. e5 Nd5 4. d4 e6 5. Nf3 Be7 6. Bc4 Nb6 7. Bd3 Nc6 8. 0-0 cxd4 9. cxd4 Nb4 10. Be4 d5 11. Bd3 Nxd3 12. Qxd3 Bd7 13. b3 Rc8 14. Bb2 0-0 15. Nbd2 a6 16. a4 Na8 17. Rfc1 b5 18. axb5 Bxb5 19. Qe3 h6 20. Rxc8 Qxc8 21. Rc1 Qb7 22. Nb1 Rb8 23. Ba3 Be8 24. Bxe7 Qxe7 25. Rc5 Qb7 26. Nbd2 Bd7 27. g4 Nb6 28. h4 Bc6 29. h5 Nd7 30. Rc3 Nf8 31. g5 hxg5 32. Nxg5 Bb5 33. Qf4 Qe7 34. h6 f6 35. exf6 Qxf6 36. Qxb8 Qxg5+ 37. Qg3 Qxh6 38. Nf3 Qf6 39. Rc8 Qf5 40. Ng5 e5 41. Rxf8+ Kxf8 42. Qxe5 Qxe5 43. dxe5 Ke7 44. f4 Be2 45. Kf2 Bg4 46. b4 d4 47. Nf3 Ke6 48. Nxd4+ Kd5 49. Ke3 g5 50. fxg5 Kxe5 51. Kd3 Bd7 52. Kc4 Be8 53. Kc5 Ba4 54. g6 Kf6 55. Kb6 Kxg6 56. Kxa6 Kf6 57. Kb6 Ke5 58. Nb5 Kd5 59. Nc3+ Kc4 60. Ka5 Bc6 61. Na4 Kd5 62. Nb6+ Kd4 1/2-1/2

[Event "Izmailov Memorial op 12th"]
[Site "Tomsk"]
[Date "2008.07.02"]
[Round "8"]
[White "Novikova, Anna"]
[Black "Slugin, Alexander"]
[Result "1-0"]
[WhiteElo "2253"]
[BlackElo "2071"]
[PlyCount "85"]
[EventDate "2008.06.25"]
[EventType "swiss"]
[EventRounds "9"]
[EventCountry "RUS"]
[SourceTitle "CBM 125 Extra"]
[Source "ChessBase"]
[SourceDate "2008.09.01"]
[SourceVersion "1"]
[SourceVersionDate "2008.09.01"]
[SourceQuality "1"]

1. e4 c5 2. c3 Nf6 3. e5 Nd5 4. d4 e6 5. Nf3 Be7 6. c4 Nb6 7. d5 d6 8. Nc3 a6 9. Bf4 dxe5 10. Bxe5 0-0 11. Bd3 exd5 12. cxd5 Bf6 13. 0-0 Bg4 14. Re1 Bxe5 15. Rxe5 N8d7 16. Re3 Nf6 17. h3 Bxf3 18. Rxf3 Qd6 19. Qc2 c4 20. Bf1 Rac8 21. Rd1 Rfe8 22. Qf5 Re5 23. Qf4 Rd8 24. Bxc4 Nxc4 25. Qxc4 b5 26. Qb3 b4 27. Na4 Rxd5 28. Rxd5 Nxd5 29. Rd3 Qc6 30. Qd1 g6 31. b3 Rd7 32. Qf3 Kg7 33. Kh2 h5 34. g3 Rd6 35. Kg2 h4 36. Nb2 hxg3 37. Kxg3 Qc7 38. Kg2 g5 39. Rxd5 Rg6 40. Nc4 Qb7 41. Nd6 Qa7 42. Nf5+ Kf6 43. Nh4+ 1-0

[Event "Izmailov Memorial op 12th"]
[Site "Tomsk"]
[Date "2008.06.30"]
[Round "6"]
[White "Glukhov, Mikhail"]
[Black "Slugin, Alexander"]
[Result "1/2-1/2"]
[WhiteElo "2237"]
[BlackElo "2071"]
[PlyCount "160"]
[EventDate "2008.06.25"]
[EventType "swiss"]
[EventRounds "9"]
[EventCountry "RUS"]
[SourceTitle "CBM 125 Extra"]
[Source "ChessBase"]
[SourceDate "2008.09.01"]
[SourceVersion "1"]
[SourceVersionDate "2008.09.01"]
[SourceQuality "1"]

1. e4 c5 2. Nf3 e6 3. c4 a6 4. Nc3 Qc7 5. Be2 Nf6 6. 0-0 Be7 7. d4 cxd4 8. Nxd4 0-0 9. Be3 d6 10. Rc1 Nbd7 11. Re1 b6 12. Bf1 Bb7 13. f3 Rac8 14. Qd2 Qb8 15. Bf2 Rfe8 16. Rc2 Ne5 17. b3 Nfd7 18. Bg3 Bf8 19. Qf2 Nf6 20. h3 Nh5 21. Bh2 Ng6 22. Qd2 Nf6 23. Kh1 Qa8 24. Qf2 Nd7 25. Rd2 b5 26. Ndxb5 axb5 27. Nxb5 e5 28. Nxd6 Bxd6 29. Rxd6 Nc5 30. Qc2 Qa3 31. Qd2 Ne6 32. Rb6 Bc6 33. Bg1 Red8 34. Qf2 Ngf4 35. b4 Be8 36. c5 Nd3 37. Qe3 Qc3 38. Rb1 Ba4 39. Bxd3 Rxd3 40. Qe1 Qc2 41. Qc1 Qxa2 42. Qb2 Qxb2 43. Rxb2 h5 44. Ra2 Bd7 45. Raa6 Nd4 46. Rd6 Be8 47. Rd5 h4 48. Bf2 Rd1+ 49. Kh2 Rb1 50. Bxh4 f6 51. Rb6 Rb2 52. Bxf6 Nxf3+ 53. Kg3 Ne1 54. Bxe5 Rxg2+ 55. Kf4 Rf2+ 56. Ke3 Rf7 57. Rd1 Ng2+ 58. Kd4 Nh4 59. Bd6 Bd7 60. b5 Nf3+ 61. Kc3 Ng5 62. Re1 Rf3+ 63. Kb4 Nf7 64. Bb8 Rxh3 65. c6 Be6 66. e5 Rh4+ 67. Ka5 Bb3 68. Ra1 Nd8 69. Bd6 Bd5 70. Rc1 Kf7 71. Rb8 Nxc6+ 72. bxc6 Rxc6 73. Rb7+ Kg8 74. Rb8+ Kh7 75. Rxc6 Bxc6 76. e6 Rh6 77. Rb6 Bd5 78. e7 Bf7 79. Kb4 Re6 80. Kc5 g5 1/2-1/2

[Event "Izmailov Memorial op 10th"]
[Site "Tomsk"]
[Date "2006.07.20"]
[Round "9"]
[White "Shevchenko, Olesia"]
[Black "Slugin, Alexander"]
[Result "1-0"]
[WhiteElo "2016"]
[BlackElo "2034"]
[PlyCount "95"]
[EventDate "2006.07.12"]
[EventType "swiss"]
[EventRounds "9"]
[EventCountry "RUS"]
[SourceTitle "EXT 2008"]
[Source "ChessBase"]
[SourceDate "2007.11.25"]
[SourceVersion "1"]
[SourceVersionDate "2007.11.25"]
[SourceQuality "1"]

1. Nf3 c5 2. c4 Nf6 3. g3 Nc6 4. Nc3 g6 5. b3 Bg7 6. Bb2 0-0 7. Bg2 e6 8. 0-0 d5 9. cxd5 exd5 10. d4 Ne4 11. Na4 b5 12. Nxc5 Nxc5 13. Qc2 Bf5 14. Qxc5 Rc8 15. Qxb5 Qd6 16. Rfc1 Rc7 17. e3 Rfc8 18. Nd2 Be6 19. Rc5 Rb8 20. Qa6 Rb6 21. Qf1 Rcb7 22. Ba3 Qd7 23. Rc3 Nb4 24. Bxb4 Rxb4 25. Rac1 h5 26. a3 R4b6 27. b4 a5 28. bxa5 Rb2 29. a6 R7b6 30. Rc7 Qa4 31. a7 Bf8 32. Nc4 dxc4 33. a8Q Ra6 34. Qd8 Rd6 35. Qg5 Qxa3 36. d5 Bd7 37. Qxc4 Bb5 38. Qcf4 Rd7 39. Rxd7 Bxd7 40. e4 Be7 41. Qge5 f6 42. Qd4 Bd8 43. Qh6 g5 44. Qg6+ Kf8 45. Qdxf6+ Bxf6 46. Qxf6+ Ke8 47. d6 Rxf2 48. Qe7# 1-0

[Event "Izmailov Memorial op 10th"]
[Site "Tomsk"]
[Date "2006.07.19"]
[Round "8"]
[White "Alaguzov, Maxat"]
[Black "Slugin, Alexander"]
[Result "1-0"]
[WhiteElo "2176"]
[BlackElo "2034"]
[PlyCount "63"]
[EventDate "2006.07.12"]
[EventType "swiss"]
[EventRounds "9"]
[EventCountry "RUS"]
[SourceTitle "EXT 2008"]
[Source "ChessBase"]
[SourceDate "2007.11.25"]
[SourceVersion "1"]
[SourceVersionDate "2007.11.25"]
[SourceQuality "1"]

1. e4 c5 2. Nf3 e6 3. c4 Nc6 4. Nc3 a6 5. d4 cxd4 6. Nxd4 Bb4 7. Nxc6 bxc6 8. Bd3 Qf6 9. Bd2 Rb8 10. 0-0 Ne7 11. Qe2 Ng6 12. f4 d6 13. Kh1 e5 14. f5 Nf4 15. Bxf4 exf4 16. Rxf4 Bxc3 17. bxc3 Qxc3 18. Rd1 Rb2 19. Qf3 Qe5 20. c5 Qxc5 21. e5 dxe5 22. Rc4 Qf2 23. Qxc6+ Bd7 24. Qa8+ Ke7 25. Qe4 Re8 26. Rc7 Rd8 27. Qxe5+ Kf8 28. Qd6+ Ke8 29. Bf1 Rb6 30. Qe5+ Be6 31. fxe6 Rxe6 32. Bb5+ 1-0